U.S. aims and policies in Europe, (Record no. 89969)

MARC details
000 -LEADER
fixed length control field 00870cam a22002291 4500
001 - CONTROL NUMBER
control field sd 46000039
003 - CONTROL NUMBER IDENTIFIER
control field DLC
005 - DATE AND TIME OF LATEST TRANSACTION
control field 20260227112735.0
008 - FIXED-LENGTH DATA ELEMENTS--GENERAL INFORMATION
fixed length control field 780328s1946 dcu f000 0 eng c
010 ## - LIBRARY OF CONGRESS CONTROL NUMBER
LC control number sd 46000039
035 ## - SYSTEM CONTROL NUMBER
System control number (OCoLC)3757126
040 ## - CATALOGING SOURCE
Original cataloging agency U.S. Dept. of State Library
Transcribing agency NGenoU
Modifying agency NGenoU
-- DLC
050 00 - LIBRARY OF CONGRESS CALL NUMBER
Classification number E744
Item number .B92
082 ## - DEWEY DECIMAL CLASSIFICATION NUMBER
Classification number 327.73
100 1# - MAIN ENTRY--PERSONAL NAME
Personal name Byrnes, James F.
Fuller form of name (James Francis),
Dates associated with a name 1882-1972.
245 10 - TITLE STATEMENT
Title U.S. aims and policies in Europe,
Statement of responsibility, etc. by the Secretary of State.
260 ## - PUBLICATION, DISTRIBUTION, ETC.
Place of publication, distribution, etc. [Washington,
Name of publisher, distributor, etc. U.S. Govt. Print. Off.,
Date of publication, distribution, etc. 1946]
300 ## - PHYSICAL DESCRIPTION
Extent 1 p.l., 12 p.
Dimensions 20 cm.
490 0# - SERIES STATEMENT
Series statement U.S. Dept. of State. Publication 2670. European series,
Volume/sequential designation 18
500 ## - GENERAL NOTE
General note "An address [by Secretary Byrnes] delivered in Paris on Oct. 3 at the American Club and released to the press on the same date."-p. 1.
651 #0 - SUBJECT ADDED ENTRY--GEOGRAPHIC NAME
Geographic name United States
General subdivision Foreign relations.

No items available.

Powered by Koha